1994 1989 1072 1476 1843 1206 1581 1837 1348 1290 1898 1085 1471 1595 1300 1647 1520 1655 1612 1412 1422 1081 1387 1180 1267 1877 1398 1430 1360 1241 1867 1954 1523 1980 1738 1590 1009 1163 1590 1131 1814 1021 1971 1081 1478 1990 1211 1731 1551 1870 1100 1450 1131 1507 1957 1579 1646 1982 1051 1947 1386 1874 1880 1333 1313 1721 1663 1524 1784 1516 1669 1511 1695 1932 1556 1276 1814 1541 1753 1123 1076 1480 1014 1533 1035 1539 1143 1019 1542 1584 1828 1041 1009 1334 1456 1829 1301 1272 1313 BCNSPRNW ULIB Ver.6.0+V

เปลี่ยนเป็นภาษาไทย

Change to English
 แสดงรายละเอียดบรรณานุกรม
  กลับหน้าหลัก

Brief Record : Get Marc (ISO 2709) : E-mail record : QR code < ปิดหน้าต่าง
LEADER : 00000nam 2200000uu 4500
001    13399107696
003     ULIB
008    110124s2552||||th 000 0 tha d
020    9746577123
060 04 WY20.5^bว523ก 2552
100 0  วิจิตร ศรีสุพรรณ
245 10 การวิจัยทางการพยาบาล :^bหลักการและแนวปฏิบัติ /^cวิจิตรศรีสุพรรณ
250    พิมพ์ครั้งที่ 4
260    เชียงใหม่ :^bโครงการตำรา คณะพยาบาลศาสตร์มหาวิทยาลัยเชียงใหม่,^c2552
300    171 หน้า ;^c27 ซม.
650  7 การพยาบาล^xวิจัย
650  7 พยาบาล^xวิจัย
710 2  มหาวิทยาลัยเชียงใหม่. ^bคณะพยาบาลศาสตร์. ^bโครงการตำรา
945    ^p210^l0^i018706
945    ^p210^l0^i018704
945    ^p210^l0^i017548
945    ^p210^l0^i018703
945    ^p210^l0^i018705
945    ^p210^l0^i029416
945    ^p210^l0^i029417
945    ^p210^l0^i029418
995    เกษร
999 ^a ใช้งานได้ทุกระบบ
รายการนี้ยังไม่มีแท็ก
คุณยังไม่ได้ล็อกอิน คุณสามารถมีกิจกรรมร่วมกับเว็บไซต์ได้ แต่ต้องล็อกอินก่อน ::
  ล็อกอิน

รายการสื่อสารสนเทศ

ลำดับที่ ประเภท เลขเรียก/บาร์โค้ด สถานที่ สถานะ
1. วิทยาศาสตร์การแพทย์ และสุขภาพ
วิทยาศาสตร์การแพทย์ และสุขภาพ
สถานะ=หนังสือเก่า
WY20.5 ว523ก 2552 ฉ.3 
  Barcode: 018704
ห้องสมุดวิทยาเขตสวรรค์ประชารักษ์
►ส่วนจัดเก็บหนังสือเก่า สปร
บนชั้น
  ขอยืม

รายการใกล้เคียง
    ผู้แต่ง [วิจิตร ศรีสุพรรณ]

BibComment


ยังไม่เคยถูกคอมเมนท์

คอมเมนท์ทรัพยากรรายการนี้
  คอมเมนท์: การวิจัยทางการพยา..


 Copyright 2026. Bcnsprnw @Library